000 00681nas a2200241 4500
001 BR9213897
003 BR-BrBNA
005 20231205095139.0
007 ta
008 230509b bl.|||p| |||| 00| 00por d
040 _aBR-BrBNA
_bpor
_cBiblioteca Nacional de Agricultura
041 _a(Pt)
072 _aH20
100 1 _aAnon.
245 1 _aComo evitar a morte das palmeiras
650 _aPalmeira Oleaginosa
650 _aDoenca de Planta
650 _aControle Cultural
650 _aPratico
773 0 _tDifusao Agropecuaria (Brazil)
_xISSN 0103-3824
_g(Sep-Dec 1989), v. 1(1) p. 7-9
_wBR9213897
909 _a202311
_bLúcia
_c55
_dLúcia Elande
942 _2AGRIS
_n0
_cANA
999 _c148896
_d148896